The Presbyterian Church of Mizoram's amazing Mizo missions / (Record no. 852)

MARC details
000 -LEADER
fixed length control field 01115cam a2200349Ia 4500
001 - CONTROL NUMBER
control field 610190
003 - CONTROL NUMBER IDENTIFIER
control field OSt
005 - DATE AND TIME OF LATEST TRANSACTION
control field 20180827100956.0
008 - FIXED-LENGTH DATA ELEMENTS--GENERAL INFORMATION
fixed length control field 020809t20001999ii ab b 000 0 eng d
010 ## - LIBRARY OF CONGRESS CONTROL NUMBER
LC control number 2005387519
020 ## - INTERNATIONAL STANDARD BOOK NUMBER
International Standard Book Number 8190084976
035 ## - SYSTEM CONTROL NUMBER
System control number (OCoLC)ocm50338189
035 ## - SYSTEM CONTROL NUMBER
System control number (OCoLC)ocm50338189
037 ## - SOURCE OF ACQUISITION
Source of stock number/acquisition Library of Congress -- New Delhi Overseas Office
Terms of availability Rs70.00
040 ## - CATALOGING SOURCE
Original cataloging agency ITC
Transcribing agency ITC
Modifying agency OCLCQ
-- DLC
043 ## - GEOGRAPHIC AREA CODE
Geographic area code a-ii---
049 ## - LOCAL HOLDINGS (OCLC)
Holding library PTSS
082 #4 - DEWEY DECIMAL CLASSIFICATION NUMBER
Classification number 285.254
Item number N437A
090 ## - LOCALLY ASSIGNED LC-TYPE CALL NUMBER (OCLC); LOCAL CALL NUMBER (RLIN)
Classification number (OCLC) (R) ; Classification number, CALL (RLIN) (NR) BV3265.2
Local cutter number (OCLC) ; Book number/undivided call number, CALL (RLIN) .N46 2000
100 1# - MAIN ENTRY--PERSONAL NAME
Personal name Nengzakhup, S.
245 14 - TITLE STATEMENT
Title The Presbyterian Church of Mizoram's amazing Mizo missions /
Statement of responsibility, etc. S. Nengzakhup.
246 17 - VARYING FORM OF TITLE
Title proper/short title Amazing Mizo missions
250 ## - EDITION STATEMENT
Edition statement 2nd ed.
260 ## - PUBLICATION, DISTRIBUTION, ETC.
Place of publication, distribution, etc. Bangalore, India :
Name of publisher, distributor, etc. SAIACS Press,
Date of publication, distribution, etc. 2000, c1999.
300 ## - PHYSICAL DESCRIPTION
Extent x, 102 p. :
Other physical details ill., maps ;
Dimensions 22 cm.
440 #0 - SERIES STATEMENT/ADDED ENTRY--TITLE
Title Spire series
504 ## - BIBLIOGRAPHY, ETC. NOTE
Bibliography, etc. note Includes bibliographical references (p. 97-102).
610 20 - SUBJECT ADDED ENTRY--CORPORATE NAME
Corporate name or jurisdiction name as entry element Presbyterian Church of Mizoram
General subdivision Missions
Geographic subdivision India
-- Mizoram.
650 #0 - SUBJECT ADDED ENTRY--TOPICAL TERM
Topical term or geographic name entry element Missions
Geographic subdivision India
-- Mizoram.
650 #0 - SUBJECT ADDED ENTRY--TOPICAL TERM
Topical term or geographic name entry element Presbyterian Church
General subdivision Missions
Geographic subdivision India
-- Mizoram.
942 ## - ADDED ENTRY ELEMENTS (KOHA)
Source of classification or shelving scheme Dewey Decimal Classification
Koha item type Books
Holdings
Withdrawn status Lost status Source of classification or shelving scheme Damaged status Not for loan Collection code Home library Current library Shelving location Date acquired Total Checkouts Full call number Barcode Date last seen Price effective from Koha item type
    Dewey Decimal Classification     Non-fiction Harvest Mission College Harvest Mission College General Stacks 27.08.2018   285.254 N437A 002914 27.08.2018 27.08.2018 Books

OPAC Designed and Maintained by HMC Library Team.
Copyright © HMC Library,Greater Noida, UP.
For any Suggestions/Query Contact library via Email:libhmc@gmail.com